[Event "Olomouc GM-A 24th"]
[Site "Olomouc"]
[Date "2023.08.16"]
[Round "6"]
[White "Sorm, Daniel"]
[Black "Krejci, Jan1111"]
[Result "0-1"]
[WhiteElo "2295"]
[BlackElo "2521"]
[PlyCount "56"]
[EventDate "2023.08.12"]
[EventType "tourn"]
[EventRounds "9"]
[EventCountry "CZE"]
[EventCategory "6"]
[SourceTitle "CBM 215 Extra"]
[Source "ChessBase"]
[SourceDate "2023.09.30"]
[SourceVersion "1"]
[SourceVersionDate "2023.09.30"]
[SourceQuality "1"]

1. d4 d5 2. c4 e6 3. Nc3 Be7 4. cxd5 exd5 5. Bf4 Nf6 6. e3 c6 7. Bd3 Nbd7 8. h3 Nf8 9. Nge2 Ng6 10. Bg3 Bd6 11. 0-0 0-0 12. Qd2 Re8 13. f3 Nh5 14. Bf2 f5 15. Qc2 Qg5 16. f4 Qf6 17. Kh1 Qe6 18. g4 fxg4 19. f5 Qf6 20. hxg4 Rxe3 21. gxh5 Rh3+ 22. Kg2 Rh2+ 23. Kf3 Nh4+ 24. Kg4 h6 25. Be3 Nxf5 26. Bxf5 Qh4+ 27. Kf3 Qxh5+ 28. Bg4 Bxg4# 0-1

[Event "Pardubice rapid op 34th"]
[Site "Pardubice"]
[Date "2023.07.20"]
[Round "4"]
[White "Sorm, Daniel"]
[Black "Moskvin, Anatoly"]
[Result "1-0"]
[WhiteElo "2305"]
[BlackElo "2189"]
[PlyCount "103"]
[EventDate "2023.07.19"]
[EventType "swiss (rapid)"]
[EventRounds "9"]
[EventCountry "CZE"]
[SourceTitle "CBM 215 Extra"]
[Source "ChessBase"]
[SourceDate "2023.09.30"]
[SourceVersion "1"]
[SourceVersionDate "2023.09.30"]
[SourceQuality "1"]

1. d4 Nf6 2. c4 c5 3. e3 g6 4. Nc3 Bg7 5. d5 d6 6. h3 0-0 7. Nf3 Nbd7 8. Bd3 a6 9. a4 e6 10. 0-0 e5 11. a5 Nh5 12. g4 Nhf6 13. e4 Rb8 14. Ne2 h5 15. Nh2 hxg4 16. hxg4 Nh7 17. Ng3 Qh4 18. Kg2 Ndf6 19. Be2 Nd7 20. Rh1 Qe7 21. Be3 f6 22. Nf3 Rf7 23. Nh4 Ndf8 24. Qd2 Ng5 25. b4 cxb4 26. Qxb4 Bh8 27. c5 Ra8 28. cxd6 Qe8 29. Rac1 Rd7 30. Bd1 Qf7 31. Ba4 Bg7 32. Bxd7 Qxd7 33. f3 Nf7 34. Rc7 Qb5 35. Qxb5 axb5 36. Bc5 Bh6 37. Ne2 Bg5 38. Nc3 Bxh4 39. Rxh4 Bd7 40. Bb4 Nd8 41. Rh1 Ra6 42. Rc1 Ra8 43. Nb1 Kf7 44. Nd2 Ke8 45. Nb3 Kf7 46. Nc5 Ke8 47. Nxb7 Nxb7 48. Rxb7 g5 49. Rcc7 Kd8 50. Ra7 Rb8 51. a6 Ke8 52. Rab7 1-0

[Event "Pardubice rapid op 34th"]
[Site "Pardubice"]
[Date "2023.07.20"]
[Round "5"]
[White "Sorm, Daniel"]
[Black "Stocek, Jiri"]
[Result "0-1"]
[WhiteElo "2305"]
[BlackElo "2515"]
[PlyCount "86"]
[EventDate "2023.07.19"]
[EventType "swiss (rapid)"]
[EventRounds "9"]
[EventCountry "CZE"]
[SourceTitle "CBM 215 Extra"]
[Source "ChessBase"]
[SourceDate "2023.09.30"]
[SourceVersion "1"]
[SourceVersionDate "2023.09.30"]
[SourceQuality "1"]

1. d4 Nf6 2. c4 e6 3. Nc3 Bb4 4. e3 0-0 5. Bd3 c5 6. a3 Bxc3+ 7. bxc3 Nc6 8. Ne2 b6 9. 0-0 Ba6 10. e4 Ne8 11. f4 f5 12. exf5 exf5 13. Be3 d6 14. Rf3 Na5 15. Rh3 g6 16. Bf2 Qd7 17. Bh4 Qf7 18. Kh1 Bxc4 19. Ng1 Bxd3 20. Rxd3 Nc4 21. Qe2 Nc7 22. dxc5 bxc5 23. Nf3 Rfe8 24. Qa2 h6 25. h3 Rab8 26. Rb1 Ne5 27. Qxf7+ Nxf7 28. Rxb8 Rxb8 29. Be7 Re8 30. Bf6 Re4 31. c4 Ne8 32. Bb2 Rxf4 33. Rb3 Rxc4 34. Rb8 Kf8 35. Bf6 g5 36. Nd2 Ra4 37. Nb1 Ne5 38. Nc3 Rd4 39. Kh2 Rd3 40. Na4 Nd7 41. Bg7+ Ke7 42. Rb7 Nxg7 43. Rxa7 Rxa3 0-1

[Event "Plzen op 11th"]
[Site "Plzen"]
[Date "2023.03.07"]
[Round "4"]
[White "Paldus, Petr"]
[Black "Sorm, Daniel"]
[Result "0-1"]
[WhiteElo "1984"]
[BlackElo "2322"]
[PlyCount "72"]
[EventDate "2023.03.04"]
[EventType "swiss"]
[EventRounds "9"]
[EventCountry "CZE"]
[SourceTitle "CBM 213 Extra"]
[Source "ChessBase"]
[SourceDate "2023.05.31"]
[SourceVersion "1"]
[SourceVersionDate "2023.05.31"]
[SourceQuality "1"]

1. e4 c6 2. d4 d5 3. exd5 cxd5 4. Bd3 Nc6 5. c3 Qc7 6. Bg5 Nf6 7. Nd2 Bg4 8. Qc2 e6 9. Ne2 Bxe2 10. Bxe2 Nxd4 11. Qa4+ Nc6 12. Bxf6 gxf6 13. Nf3 Bg7 14. h4 f5 15. h5 h6 16. Kf1 0-0-0 17. b4 Kb8 18. Rc1 Qf4 19. Rc2 Bf6 20. Rh3 Rc8 21. c4 Nd4 22. Nxd4 Bxd4 23. Rf3 Qh4 24. Bd1 dxc4 25. Rh3 Qe7 26. b5 Qc5 27. Be2 c3 28. Rd3 e5 29. f4 f6 30. Bf3 Rhd8 31. Be2 Bg1 32. Rf3 Bh2 33. Bd3 Qg1+ 34. Ke2 Qxg2+ 35. Rf2 Qg4+ 36. Kf1 Qd1+ 0-1

[Event "EU-ch Cities&Town op"]
[Site "Tornelo INT"]
[Date "2023.01.29"]
[Round "?"]
[White "Sorm, Daniel"]
[Black "Rodshtein, Maxim"]
[Result "0-1"]
[WhiteElo "2302"]
[BlackElo "2616"]
[PlyCount "86"]
[EventDate "2023.01.29"]
[EventType "team-swiss"]
[EventRounds "9"]
[EventCountry "NET"]
[SourceTitle "CBM 212 Extra"]
[Source "ChessBase"]
[SourceDate "2023.03.31"]
[SourceVersion "1"]
[SourceVersionDate "2023.03.31"]
[SourceQuality "1"]
[WhiteTeam "Praha Seniors"]
[BlackTeam "Praha op"]
[WhiteTeamCountry "CZE"]
[BlackTeamCountry "CZE"]

1. d4 Nf6 2. c4 e6 3. Nc3 Bb4 4. e3 0-0 5. Bd3 d5 6. cxd5 exd5 7. Nge2 Bd6 8. 0-0 Na6 9. a3 c5 10. Bxa6 bxa6 11. dxc5 Bxc5 12. Nd4 a5 13. Nce2 Ba6 14. Re1 Ne4 15. Ng3 Qb6 16. Nxe4 dxe4 17. Bd2 Bxd4 18. exd4 Rfe8 19. Bc3 Bd3 20. Qg4 f6 21. Rad1 a4 22. Re3 Rad8 23. Rde1 Qb5 24. Rg3 Re7 25. d5 Kh8 26. d6 Rf7 27. Qe6 Qd7 28. Qxd7 Rfxd7 29. Bb4 Rc8 30. h4 a5 31. Bxa5 Rxd6 32. Bc3 h5 33. f3 Rc4 34. fxe4 Bxe4 35. Rge3 Bc6 36. Re6 Rd3 37. Re7 Rg3 38. R1e2 Rcg4 39. Rc7 Rxg2+ 40. Rxg2 Bxg2 41. Kh2 Bd5 42. Kh3 Be6 43. Re7 Bf5 0-1

[Event "Prague op 21st"]
[Site "Prague"]
[Date "2023.01.12"]
[Round "8"]
[White "Sorm, Daniel"]
[Black "Chen, Qi B"]
[Result "1/2-1/2"]
[WhiteElo "2302"]
[BlackElo "2484"]
[PlyCount "30"]
[EventDate "2023.01.06"]
[EventType "swiss"]
[EventRounds "9"]
[EventCountry "CZE"]
[SourceTitle "CBM 212 Extra"]
[Source "ChessBase"]
[SourceDate "2023.03.31"]
[SourceVersion "1"]
[SourceVersionDate "2023.03.31"]
[SourceQuality "1"]

1. d4 Nf6 2. c4 e6 3. Nf3 d5 4. Nc3 dxc4 5. e3 a6 6. a4 b6 7. Bxc4 Bb7 8. 0-0 Bb4 9. Qe2 0-0 10. Rd1 Qe7 11. Bd3 c5 12. Na2 Nc6 13. Nxb4 Nxb4 14. Bb1 Ne4 15. Nd2 Nxd2 1/2-1/2

[Event "Prague op 21st"]
[Site "Prague"]
[Date "2023.01.09"]
[Round "5"]
[White "Krivanek, Vladimir"]
[Black "Sorm, Daniel"]
[Result "0-1"]
[WhiteElo "2142"]
[BlackElo "2302"]
[PlyCount "76"]
[EventDate "2023.01.06"]
[EventType "swiss"]
[EventRounds "9"]
[EventCountry "CZE"]
[SourceTitle "CBM 212 Extra"]
[Source "ChessBase"]
[SourceDate "2023.03.31"]
[SourceVersion "1"]
[SourceVersionDate "2023.03.31"]
[SourceQuality "1"]

1. d4 d5 2. c4 e6 3. Nc3 Nf6 4. g3 c6 5. Nf3 dxc4 6. Bg2 b5 7. Ne5 Nd5 8. 0-0 Bb7 9. a4 a6 10. e4 Nxc3 11. bxc3 Nd7 12. Bf4 Nf6 13. Qb1 Qc8 14. d5 cxd5 15. axb5 Be7 16. bxa6 Bxa6 17. exd5 Nxd5 18. Rd1 0-0 19. Bxd5 exd5 20. Be3 Bd6 21. Bd4 Bxe5 22. Bxe5 d4 23. Rxd4 Bb7 24. Rxa8 Bxa8 25. Rh4 h6 26. Qd1 Re8 27. Bd4 Qf5 28. f3 Bxf3 29. Qf1 Qd3 30. Rf4 Bd5 31. Rg4 g5 32. h4 Rb8 33. Qxd3 cxd3 34. Be3 Rb1+ 35. Kf2 Rb2+ 36. Kf1 d2 37. Rd4 Bc4+ 38. Kg1 Rb1+ 0-1

[Event "Budapest Vezerkepzo Fall GM"]
[Site "Budapest"]
[Date "2022.11.02"]
[Round "9"]
[White "Sorm, Daniel"]
[Black "Sahithi Varshini, M."]
[Result "1-0"]
[WhiteElo "2302"]
[BlackElo "2238"]
[PlyCount "121"]
[EventDate "2022.10.24"]
[EventType "tourn"]
[EventRounds "9"]
[EventCountry "HUN"]
[EventCategory "6"]
[SourceTitle "EXT 2024"]
[Source "ChessBase"]
[SourceDate "2023.10.10"]
[SourceVersion "1"]
[SourceVersionDate "2023.10.10"]
[SourceQuality "1"]

1. d4 Nf6 2. Nf3 e6 3. e3 d5 4. a3 Nbd7 5. c4 c6 6. b3 Bd6 7. Bb2 0-0 8. Nbd2 Qe7 9. Ne5 Ne4 10. Nxe4 dxe4 11. Qc2 f5 12. Be2 Qf6 13. Qc3 a5 14. g3 Qe7 15. 0-0 Nf6 16. f4 Bd7 17. Kh1 Rfd8 18. Rg1 h5 19. h3 Be8 20. Rg2 Bxe5 21. fxe5 Nh7 22. g4 Qh4 23. gxf5 Qxh3+ 24. Kg1 Qxf5 25. Rf1 Qh3 26. Rf4 Kh8 27. Rh2 Qg3+ 28. Rg2 Qh3 29. Bf1 Rd7 30. Rh2 Qg3+ 31. Rg2 Qh3 32. Qe1 g5 33. Rh2 Qxh2+ 34. Kxh2 gxf4 35. exf4 Bg6 36. Bh3 Re8 37. f5 Ng5 38. Qe3 Nf3+ 39. Kh1 Bxf5 40. Bxf5 exf5 41. e6 Rxe6 42. d5+ Kg8 43. dxe6 Rd1+ 44. Kg2 h4 45. Be5 Rd2+ 46. Kh3 Rd3 47. Qa7 Nxe5+ 48. Kxh4 Kg7 49. Kg5 Nf7+ 50. exf7 Rd7 51. Kxf5 Re7 52. Qxa5 Kxf7 53. Kf4 e3 54. Qh5+ Kf8 55. Qe2 Ke8 56. a4 Kd7 57. a5 Kc7 58. b4 Rf7+ 59. Ke4 Kb8 60. Qh2+ Ka7 61. Kxe3 1-0

[Event "Budapest Vezerkepzo Fall GM"]
[Site "Budapest"]
[Date "2022.10.30"]
[Round "7"]
[White "Sorm, Daniel"]
[Black "Pasti, Aron"]
[Result "0-1"]
[WhiteElo "2302"]
[BlackElo "2350"]
[PlyCount "66"]
[EventDate "2022.10.24"]
[EventType "tourn"]
[EventRounds "9"]
[EventCountry "HUN"]
[EventCategory "6"]
[SourceTitle "EXT 2024"]
[Source "ChessBase"]
[SourceDate "2023.10.10"]
[SourceVersion "1"]
[SourceVersionDate "2023.10.10"]
[SourceQuality "1"]

1. d4 Nf6 2. Bf4 d5 3. e3 c5 4. Nf3 Nc6 5. Nbd2 e6 6. c3 Bd6 7. Bg3 0-0 8. Bd3 b6 9. e4 Be7 10. e5 Nh5 11. Qe2 g6 12. Qe3 a5 13. 0-0 Ba6 14. Bxa6 Rxa6 15. a3 Kg7 16. Bf4 Nxf4 17. Qxf4 a4 18. h4 h5 19. Ng5 cxd4 20. cxd4 Na5 21. Rac1 b5 22. Ndf3 Nc4 23. Rc2 b4 24. axb4 Rb6 25. g4 hxg4 26. Qxg4 Rxb4 27. Rxc4 Rxc4 28. h5 Bxg5 29. Nxg5 Rh8 30. hxg6 Rxd4 31. Qg3 Rh5 32. f4 Rd2 33. gxf7 Qb6+ 0-1

[Event "Olomouc GM 23rd"]
[Site "Olomouc"]
[Date "2022.08.13"]
[Round "1"]
[White "Sorm, Daniel"]
[Black "Mirzoev, Azer"]
[Result "0-1"]
[WhiteElo "2308"]
[BlackElo "2435"]
[PlyCount "154"]
[EventDate "2022.08.13"]
[EventType "tourn"]
[EventRounds "9"]
[EventCountry "CZE"]
[EventCategory "6"]
[SourceTitle "CBM 209 Extra"]
[Source "ChessBase"]
[SourceDate "2022.09.30"]
[SourceVersion "1"]
[SourceVersionDate "2022.09.30"]
[SourceQuality "1"]

1. d4 d5 2. c4 e6 3. Nc3 a6 4. e3 Nf6 5. cxd5 exd5 6. Bd3 c5 7. Nge2 Nc6 8. 0-0 Bd6 9. dxc5 Bxc5 10. Nf4 Ne7 11. Nh5 Nxh5 12. Qxh5 Be6 13. Bd2 h6 14. Rac1 Bd6 15. Ne2 Qd7 16. f3 0-0 17. Nd4 Rac8 18. Bc3 Bc5 19. Qh4 Nc6 20. Rfd1 Rfe8 21. Qf2 Qe7 22. Nxc6 Rxc6 23. Bd4 Bxd4 24. exd4 Rec8 25. Rxc6 Rxc6 26. Qd2 Qf6 27. Bb1 Bf5 28. Bxf5 Qxf5 29. Rc1 Rg6 30. Kf2 b6 31. h3 Qf6 32. Rc8+ Kh7 33. Qd3 Qh4+ 34. Kf1 Qg3 35. Rc2 Qh2 36. Rf2 Kg8 37. Qc2 Qh1+ 38. Ke2 Re6+ 39. Kd3 g6 40. a3 Kg7 41. Qd2 Rc6 42. Ke2 Rc1 43. f4 Rc6 44. Kf3 Qh2 45. Rf1 Rf6 46. Ke3 g5 47. f5 Qc7 48. g4 Rc6 49. Rf2 Qe7+ 50. Kf3 Qe4+ 51. Kg3 Rc4 52. Re2 Qxd4 53. Qxd4+ Rxd4 54. Re3 b5 55. h4 Rd2 56. hxg5 hxg5 57. Rb3 Kf6 58. a4 bxa4 59. Rb6+ Ke5 60. Rxa6 Rd3+ 61. Kf2 Rd4 62. Kf3 Rf4+ 63. Kg3 Rb4 64. Ra7 Rb3+ 65. Kf2 Rxb2+ 66. Ke3 Rb4 67. Kf3 Rb3+ 68. Ke2 a3 69. Rxf7 Kf4 70. Rd7 a2 71. Ra7 Rb2+ 72. Kd3 Kxg4 73. f6 Rf2 74. Ra4+ Kh5 75. f7 Rxf7 76. Rxa2 g4 77. Kd4 Rf5 0-1

[Event "Prague Summer op 9th"]
[Site "Prague"]
[Date "2022.08.06"]
[Round "2"]
[White "Jonsson, Gauti Pall"]
[Black "Sorm, Daniel"]
[Result "1/2-1/2"]
[WhiteElo "2071"]
[BlackElo "2308"]
[PlyCount "96"]
[EventDate "2022.08.05"]
[EventType "swiss"]
[EventRounds "9"]
[EventCountry "CZE"]
[SourceTitle "CBM 209 Extra"]
[Source "ChessBase"]
[SourceDate "2022.09.30"]
[SourceVersion "1"]
[SourceVersionDate "2022.09.30"]
[SourceQuality "1"]

1. e4 c5 2. Nf3 Nc6 3. Bc4 g6 4. 0-0 Bg7 5. c3 e6 6. d4 cxd4 7. cxd4 d5 8. exd5 exd5 9. Bb5 Nge7 10. Bg5 f6 11. Bf4 g5 12. Bd2 0-0 13. Bc3 Bg4 14. Nbd2 Qd7 15. Qb3 Ng6 16. Bb4 Rf7 17. Rfe1 Nf4 18. Re3 Bxf3 19. Nxf3 g4 20. Bxc6 Qxc6 21. Ne1 f5 22. Nd3 Nxd3 23. Qxd3 Qc4 24. Bc3 Qxd3 25. Rxd3 Re8 26. Re1 Rxe1+ 27. Bxe1 Re7 28. Kf1 Kf7 29. h3 h5 30. hxg4 fxg4 31. f3 Kg6 32. Bh4 Rc7 33. Rc3 Rc4 34. fxg4 Bxd4 35. gxh5+ Kxh5 36. Rxc4 dxc4 37. Bf2 Bxb2 38. Bxa7 c3 39. Bd4 Ba1 40. Be3 Bb2 41. Bd4 Ba1 42. Be3 Kg4 43. Ke2 Kg3 44. Kd3 Kxg2 45. Kc2 Kf3 46. Bd4 Ke4 47. Bxc3 Bxc3 48. Kxc3 Kd5 1/2-1/2

[Event "Prague op"]
[Site "Prague"]
[Date "2022.06.14"]
[Round "6"]
[White "Garcia Ramos, Daniel"]
[Black "Sorm, Daniel"]
[Result "0-1"]
[WhiteElo "2441"]
[BlackElo "2306"]
[PlyCount "102"]
[EventDate "2022.06.10"]
[EventType "swiss"]
[EventRounds "9"]
[EventCountry "CZE"]
[SourceTitle "CBM 208 Extra"]
[Source "ChessBase"]
[SourceDate "2022.07.31"]
[SourceVersion "1"]
[SourceVersionDate "2022.07.31"]
[SourceQuality "1"]

1. e4 c5 2. Nf3 Nc6 3. d4 cxd4 4. Nxd4 e6 5. Nc3 a6 6. Be3 Nf6 7. a3 Be7 8. f4 d6 9. Qf3 e5 10. Nb3 Bg4 11. Qf2 d5 12. fxe5 Nxe4 13. Nxe4 dxe4 14. Qf4 Bh4+ 15. g3 Bf3 16. Bc4 0-0 17. 0-0 Be7 18. Nd2 g5 19. Qf5 Nd4 20. Rxf3 Nxf5 21. Rxf5 Rc8 22. e6 Rxc4 23. Nxc4 fxe6 24. Rxf8+ Qxf8 25. Nd2 Bc5 26. Nf1 Bxe3+ 27. Nxe3 Qf3 28. Re1 b5 29. Nf1 Qf5 30. b4 h5 31. Re3 Qd5 32. Kf2 Qd4 33. c3 Qd5 34. Ke2 Qc4+ 35. Ke1 Qa2 36. Nd2 Qa1+ 37. Kf2 Qh1 38. Nxe4 Qxh2+ 39. Kf1 h4 40. gxh4 gxh4 41. Nf2 Qf4 42. Ke2 Qc4+ 43. Kf3 Kf7 44. Kg2 Ke7 45. Ne4 e5 46. Nf2 Ke6 47. Ne4 Qd5 48. Kh3 Kf5 49. Nf2 Kf4 50. Rd3 Qg8 51. Kh2 Qg3+ 0-1

[Event "CZE-ch"]
[Site "Usti nad Labem"]
[Date "2022.05.16"]
[Round "3"]
[White "Stocek, Jiri"]
[Black "Sorm, Daniel"]
[Result "1-0"]
[WhiteElo "2533"]
[BlackElo "2306"]
[PlyCount "83"]
[EventDate "2022.05.14"]
[EventType "swiss"]
[EventRounds "9"]
[EventCountry "CZE"]
[SourceTitle "CBM 208 Extra"]
[Source "ChessBase"]
[SourceDate "2022.07.31"]
[SourceVersion "1"]
[SourceVersionDate "2022.07.31"]
[SourceQuality "1"]

1. c4 e5 2. Nc3 d6 3. Nf3 f5 4. g3 Nf6 5. d4 e4 6. Nh4 c6 7. Bg5 Be7 8. Bh3 Ng4 9. Bxe7 Qxe7 10. Bxg4 fxg4 11. Qc2 0-0 12. Qxe4 Qf7 13. 0-0 Qxc4 14. f3 Nd7 15. Nf5 Nf6 16. Nxd6 Qb4 17. Qe5 Rd8 18. Qc5 a5 19. a3 Qb3 20. Rad1 b6 21. Qxc6 Ba6 22. fxg4 Qe6 23. Nf5 Qxc6 24. Ne7+ Kh8 25. Nxc6 Rdc8 26. Ne5 Rxc3 27. bxc3 Bxe2 28. c4 Bxf1 29. Rxf1 h6 30. Rb1 Kh7 31. Kf2 Rd8 32. Ke3 Rd6 33. d5 Ne8 34. Nc6 Nf6 35. h3 Nd7 36. Kd4 Rf6 37. Rb3 a4 38. Rb4 Rf3 39. Ne5 Nxe5 40. Kxe5 Rxa3 41. Rxb6 Rb3 42. Ra6 1-0